Представление документа в формате RUSMARC

ПолеНазваниеЗначение
  Тип записи a
  Библиографический уровень m
001 Контрольный номер UONB/MAIN/78d362ee310b412a9afb8b85bd18b61e
005 Дата корректировки 20260428184247.9
010 Индекс ISBN __
b Уточнения в пер.
d Цена 1 р. 18 к.
9 Тираж 26000 экз.
100 Данные общей обработки __
a Данные общей обработки 20260428d1973 u y0rusy0189 ca
101 Язык документа 0_
a Язык текста rus
102 Страна публикации __
a Страна публикации RU
105 Кодированные данные (монография) __
a Кодированные данные (монография) a z 001yy
200 Заглавие и сведения об ответственности 1_
a Заглавие Технологическое проектирование предприятий ферментной промышленности
f Первые сведения об ответственности И. М. Грачева, К. А. Калунянц, В. Н. Кестельман, Н. М. Петрова
203 Вид содержания и тип средства __
a Вид содержания Текст
b Характеристика содержания визуальный
c Тип средства непосредственный
210 Выходные данные 1_
a Место издания Москва
c Издательство Пищевая промышленность
d Дата издания 1973
215 Физическое описание __
a Объем 288 с.
c Иллюстрации/тип воспроизводства ил., черт.
d Формат 22 см
320 Библиография __
a Библиография Библиогр.: с. 284-285
606 Тематические рубрики 0_
a Основная рубрика Ферментная промышленность, предприятия
x Основная подрубрика Проектирование
610 Ключевые слова 0_
a Ключевые слова общественное питание; предприятия ферментной промышленности; ферментная промышленность
675 Индекс УДК __
a Индекс УДК 6П8.50
686 Индексы других классификаций __
2 Код системы rubbk
701 Альтернативная интеллектуальная ответственность _1
a Фамилия Грачева
b Имя (инициалы) И. М.
g Полное личное имя Ирина Михайловна
701 Альтернативная интеллектуальная ответственность _1
a Фамилия Калунянц
b Имя (инициалы) К. А.
701 Альтернативная интеллектуальная ответственность _1
a Фамилия Кестельман
b Имя (инициалы) В. Н.
701 Альтернативная интеллектуальная ответственность _1
a Фамилия Петрова
b Имя (инициалы) Н. М.
801 Источник записи _0
a Страна RU
b Организация Ульяновская ОНБ
c Дата составления 20260428
g Правила каталогизации RCR
801 Источник записи _1
a Страна RU
b Организация Ульяновская ОНБ
c Дата составления 20260428
g Правила каталогизации RCR
901 Тип документа __
t Тип документа m
909 Создатель записи __
a Создатель записи Агапова
b Дата создания записи 20260428